Регионална библиотека "Любен Каравелов" - Русе

Завръщането (Запис номер 492543)

MARC детайли
000 -Лидер
Лидер 02308nam a2200349 a 4500
003 - Код на организацията, давaща контролен номер
Код на организацията, даваща контролен номер BLK
005 - Дата и час на последна редакция
Дата и час на последна редакция 20230707134403.0
008 - Елементи от данни с фиксирана дължина
Елементи с фиксирана дължина 220208b bu |||||r|||| 00| | bu d
020 ## - Международен стандартен номер на книга ISBN
ISBN 9786199061459
040 ## - Източник на каталожния запис
Код на библиотеката BLK
041 ## - Код за език
Език Български
-- Английски
Език за КДБФ Български
080 ## - УДК
УДК текст Фотография. Кинематография
УДК код 77
УДК – определител -051(497.2)(083.824)
УДК – код + определител 77-051(497.2)(083.824)
9 (RLIN) 240598
080 ## - УДК
УДК текст Художествена фотография
УДК код 77.04
УДК – определител (497.2)(083.824)
УДК – код + определител 77.04(497.2)(083.824)
100 ## - Редна дума - Автор
R(LIN) 434236
Автор Михайлова, Лоте Антонова
245 ## - Сведения за заглавието
Заглавие Завръщането
Подзаглавни данни Каталог от изложба, Софийска градска художествена галерия, 4 април - 14 май 2023
Авторска отговорност Лоте Михайлова ; текстове Еми Барух и др. ; състав. Еми Барух.
246 ## - Различни форми на заглавието
Различни форми на заглавието The comeback : catalogue of exhibition, Sofia City Art Gallery, 4 April-14 May 2023
257 ## - Страна на издаване
Страна на създаване/издаване България
260 ## - Област на издателските данни
9 (RLIN) 221646
Място на издаване София
Име на издателя Фонд. Фотофабрика
Година на издаване 2023
Печатница [София] : Неопринт
Издателство - префикс ISBN 978-619-90614-
300 ## - Физическа характеристика
Брой страници [110] с.
Илюстрации с фотогр.
Размер 27 см
380 ## - Жанр
Жанр Изкуство
500 ## - Общи забележки
Обща забележка Парал. текст на англ.<br/>Други авт. на доп. материал: Георги Лозанов, Стефан Иванов.<br/>Пълната форма на името на авт. на доп. материал Георги Лозанов е Георги Лозанов Георгиев.<br/>Всичко, което се случваше около нея, тя превръщаше в изкуство / Михаил Атанасов ; разговора води Стефан Иванов: с. 18-23.<br/>Прев. текстове от нем. ез. / Георги Влахов.
504 ## - Забележка за наличие на библиография и др
Библиография Биография: с. 104-107.
600 #0 - Име на лице, използвано като предмет
9 (RLIN) 434236
За него / За нея Михайлова, Лоте Антонова
650 #0 - Допълнително описание по предмет – тема
9 (RLIN) 351335
Предметна рубрика Фотография - изложби и каталози
650 #0 - Допълнително описание по предмет – тема
9 (RLIN) 271708
Предметна рубрика Фотографи, български
653 #0 - Ключова дума – ненормативна
9 (RLIN) 401783
Ключови думи снимкови албуми
700 ## - Други автори (авторска отговорност)
9 (RLIN) 488208
Друг автор Барух, Еми Фидел
Авт. отговорност на др. автор текст
852 ## - Местоположение
Сигнатура (форматна) Цб ІІ 31959
Отдел Хранилище
942 ## - АРТИКУЛИ
Вид на библиотечния документ Книги
Скрит в OPAC Не
Периодичен библиозапис Да
944 ## - СЪЗДАВАНЕ И РЕДАКЦИЯ на ЗАПИСА
Създаване/Редакция Създаване
Дата на регистрацията/редакция 2023-07-07
Служител, извършил регистрацията/редакцията Кети
999 ## - СИСТЕМНИ КОНТРОЛНИ НОМЕРА
Koha biblionumber 492543
Koha biblioitemnumber 492543
Наличности
Код за отписване Код за изгубен артикул Източник на класификационната схема Код за повреда Коз за рестрикции Код за отдаване Артикулен № Име на библиотеката - собственик Име на библиотеката, в която се намира в момента Статус (Текущо местоположение) Дата на вписване в системата Местоположение - отдел Цена в лева Инвентарен номер Систематично азбучна сигнатура Баркод Цена в евро Служебен тип на артикула
  Не е изгубен Universal Decimal Classification Не е повреден само за читалня ползва се в читалня 929811 Регионална библиотека "Любен Каравелов" Русе Регионална библиотека "Любен Каравелов" Русе Хранилище 2023-07-13 Хранилище 8.00 120000889323 Цб ІІ 31959 120000889323 4.09 Книги
Vip Innovations Ltd, Rousse, Bulgaria 2025